Datum a čas kvízu
25
Celkem bodů
Celkový počet nahraných bodů na tomto kvízu bez doplňovacích otázek.
7.
Pořadí na kvízu
Konečné umístění týmu na tomto kvízu.
Zaznamenané odpovědi
| # | Otázka | Odpověď | Body | Výsledky |
|---|---|---|---|---|
| 1. | Hlavní město Praha spouští nov... | 0 | ||
| 2. | Co navrhl úplně zakázat školák... | 1 | ||
| 3. | V pondělí byl neznámými útoční... | 0 | ||
| 4. | Senát dalšího státu schválil 2... | 0 | ||
| 5. | Žádné překvapení se nekonalo,... | 1 | ||
| 6. | Podíváme se na zvířata, která... | 0 | ||
| 7. | Na území kterého státu žije vě... | 0 | ||
| 8. | Jak se jmenuje toto roztomilé... | 0 | ||
| 9. | Menší kočkovitá šelma margay,... | 0 | ||
| 10. | Svět je opravdu plný paradoxů.... | 0 |